Training for sports and fitness /

Bibliographic Details
Main Author: Rushall, Brent S.
Other Authors: Pyke, Frank S.
Format: Book
Language:English
Published: South Melbourne : Macmillan Co. of Australia, 1990.
Subjects:

MARC

Tag First Indicator Second Indicator Subfields
LEADER 00000cam a2200000 a 4500
001 in00001063921
005 20150929100853.0
008 910717s1990 at a b 001 0 eng
010 |a  91172614  
019 |a 24245994 
020 |a 0732901901 (pbk.) 
020 |a 0732901898 (hard) 
035 |a (OCoLC)24248403 
035 |9 AFP0463AM 
040 |a DLC  |c DLC  |d TXA  |d UtOrBLW 
049 |a TXAM 
050 0 0 |a GV711.5  |b .R87 1990 
082 0 0 |a 613.7/11  |2 20 
100 1 |a Rushall, Brent S. 
245 1 0 |a Training for sports and fitness /  |c Brent S. Rushall and Frank S. Pyke. 
264 1 |a South Melbourne :  |b Macmillan Co. of Australia,  |c 1990. 
300 |a xii, 411 pages :  |b illustrations ;  |c 22 cm. 
336 |a text  |b txt  |2 rdacontent 
337 |a unmediated  |b n  |2 rdamedia 
338 |a volume  |b nc  |2 rdacarrier 
504 |a Includes bibliographical references (pages 391-402) and index. 
650 0 |a Physical education and training. 
650 0 |a Physical fitness. 
700 1 |a Pyke, Frank S. 
999 |a MARS 
999 f f |s 81de65dd-7eda-3747-a433-d6f284e1477e  |i 3a9a5c03-c1b8-34a2-a94c-a3df47217c01  |t 0 
952 f f |p ric  |a Texas A&M University  |b Rellis Campus  |c Joint Library Facility  |d Remote Storage  |t 0  |e GV711.5 .R87 1990  |h Library of Congress classification  |i unmediated -- volume  |m A14815636936 
998 f f |a GV711.5 .R87 1990  |t 0  |l Remote Storage